Normal view
MARC view
- Virology an Immunology MS-Thesis.
Entry Topical Term
001 - CONTROL NUMBER
- control field: 28270
003 - CONTROL NUMBER IDENTIFIER
- control field: NUST
005 - DATE AND TIME OF LATEST TRANSACTION
- control field: 20200204110114.0
008 - FIXED-LENGTH DATA ELEMENTS
- fixed length control field: 200204|| aca||aabn | a|a d
040 ## - CATALOGING SOURCE
- Original cataloging agency: NUST
- Transcribing agency: NUST
150 ## - HEADING--TOPICAL TERM
- Topical term or geographic name entry element: Virology an Immunology MS-Thesis.
670 ## - SOURCE DATA FOUND
- Source citation: Work cat.: (NUST): Azam, Sakandar 28269, Prediction REsponse in HCV Infection by Assessment of IFN-y and Trail- R1 Related SNPs /, 2013.
